| 000 | 00713nam a22002417a 4500 | ||
|---|---|---|---|
| 999 |
_c4447 _d4447 |
||
| 003 | AR-CdUCM | ||
| 008 | 190308b ||||| |||| 00| 0 spa d | ||
| 020 | _a84-8280-182-1 | ||
| 040 |
_aMUNICIPALIDAD PROVINCIAL DEL CUSCO _cBIBLIOTECA MUNICIPAL DEL CUSCO |
||
| 082 |
_a869.1 / _bSA16 |
||
| 100 |
_aDe Saint Simon, Duque _913992 |
||
| 245 |
_aMemorias : _bLa Princesa de los Ursinos / |
||
| 260 |
_aBogota : _bOveja Negra, _c1984. |
||
| 300 |
_a310 paginas ; _c18cm. |
||
| 440 |
_aHistoria Universal de la Literatura _n82 _913993 |
||
| 650 |
_aNovela _95 |
||
| 650 |
_aHistoria _9136 |
||
| 650 |
_aLiteratura _983 |
||
| 650 |
_aLatinoamerica _94398 |
||
| 942 |
_2ddc _cLIBROS |
||
| 945 | _apjha | ||